Shopwork on the farm /
Guardado en:
| Otros Autores: | |
|---|---|
| Formato: | Libro |
| Idioma: | English |
| Publicado: |
New York :
McGraw-Hill,
c1955.
|
| Edición: | 2nd ed. |
| Series: | McGraw-Hill rural activities series
|
| Etiquetas: |
Agregar Etiqueta
Sin Etiquetas, Sea el primero en etiquetar este registro!
|
| LEADER | 00579cam a22001931a 4500 | ||
|---|---|---|---|
| 001 | EEA.libagro009262 | ||
| 005 | 20151001121500.0 | ||
| 008 | 740628s1955####nyua##########000#0#eng## | ||
| 010 | |a 54010639 | ||
| 040 | |a DLC |c OWilmC |d OCoLC |d DLC | ||
| 050 | 0 | 0 | |a S676 |b .J67 1955 |
| 082 | |a 631.3 | ||
| 245 | 1 | 0 | |a Shopwork on the farm / |c Marck M. Jones. |
| 250 | |a 2nd ed. | ||
| 260 | |a New York : |b McGraw-Hill, |c c1955. | ||
| 300 | |a 626 p. : |b il. ; |c 24 cm. | ||
| 490 | 0 | |a McGraw-Hill rural activities series | |
| 700 | 1 | |a Jones, Mack M. | |
| 859 | |a AR-BbBCA |b BIB. AGRONOMIA |h 631.3 |i J78a2 |p 1962/0093 | ||
